000 00517nam a22002057a 4500
003 OSt
005 20260327141156.0
008 260327b |||||||| |||| 00| 0 eng d
020 _a978-93-5962-421-1
040 _cSBCL
082 _a920
_bABR-K
100 _aAbraham,Babu
245 _aKambilikandathe Kalbharanikal
250 _a6th ed.
260 _aKozhikode
_bMathrubhumi Books
_c2026
300 _a207p.
630 _xHistory & geography
650 _aBiography, genealogy & insignia
942 _cBOOK
999 _c137848
_d137848